000 00654cam a2200217 4500500
005 20260329002921.0
041 _afre
042 _adc
100 1 0 _aTenaillon, Nicolas
_eauthor
245 0 0 _aInitiation à la philosophie pour les non-philosophes
260 _c2014.
500 _a15
690 _aAlthusser
690 _aCommunisme
690 _aMarxisme
690 _aMatérialisme
690 _aMichel Eltchaninoff
690 _aPolitique
786 0 _nPhilosophie magazine | 76 | 2 | 2014-02-01 | p. 59-59 | 1951-1787
856 4 1 _uhttps://shs.cairn.info/magazine-philosophie-magazine-2014-2-page-59?lang=fr&redirect-ssocas=7080
999 _c1819661
_d1819661